000 00597nam a2200217 i 4500
001 C2-0082259
003 PPAK
005 20180727084859.0
008 970429s1984 mnua|||| ||||| | eng d
040 _aPPAK
_beng
_cPPAK
_erda
082 0 4 _a599.74428
_223
090 0 0 _a599.74428
_bNEN
_dG
100 1 _aNentl, Jerolyn Ann,
_eauthor
245 1 4 _aThe wild cats
264 1 _aMankato, Minnesota :
_bCrestwood House ,
_c1984
300 _a47 pages :
_billustrations ;
_c22 cm
336 _2rdacontent
_atext
337 _2rdamedia
_aunmediated
338 _2rdacarrier
_avolume
942 _ddc
_cB
999 _c15157
_d15157